NBA : Stephen Curry - Statistiques

Statistiques générales
  • Ce quiz a été pris 494 fois
  • Le résultat moyen est 14 sur 15
Statistiques - réponses
Questions Réponses % Correct
En quelle année Steph Curry a-t-il été drafté en NBA ? 2009
100%
Combien de titres NBA a-t-il glané avec cette franchise ? 4
99%
Dans quelle franchise a-t-il effectué toute sa carrière ? Golden State Warriors
99%
Quel est son poste de prédilection ? Meneur
99%
Quel grand joueur, arrivé du Thunder en 2016, a permi à la franchise de remporter les titres en 2017 et 2018 ? Kevin Durant
96%
Contre quel pays a-t-il réalisé une masterclass à la finale des J.O de 2024 ? La France
96%
A combien de reprises Stephen Curry a-t-il été sélectionné pour le All-Star Game ? 11
95%
En quelle position ? 7
95%
A 2 près, quel est son record de points en carrière (sur un seul match) ? 62
94%
Quel pivot, au caractère bien trempé, a également effectué la totalité de sa carrière avec Curry, formant une base solide ? Draymond Green
94%
Quel arrière, adepte des tirs à 3 points, a effectué la quasi totalité de sa carrière aux côtés de Steph Curry ? Klay Thompson
94%
Avec quel entraîneur a-t-il gagné tous ses titres ? Steve Kerr
89%
Contrairement à cela, quelle est sa spécialité ? Tirs à 3 points
88%
Récemment, quel geste a-t-il réalisé, alors qu'il ne l'avait pas réussi depuis plus de 6 ans ? Dunk
85%
Dans quelle équipe son père, Wardell Curry, a-t-il effectué la majeure partie de sa carrière ? Charlotte Hornets
76%
Aucun quiz correspondant
Distribution des résultats
% des personnes avec chaque résultat
Percentile par nombre de réponses
Votre historique - résultats
Vous n’avez pas pris ce quiz